Justice System Journal

Bibliographic Details
Format: Unknown
Language:English
Published: Denver, Colorado : National Center for State Courts
Subjects:
Online Access:Acceso restringido

MARC

LEADER 00000ny a22000003n 4500
005 20110512140410.0
008 100323c19uu9999us qr p 0 a0eng
022 0 |a 0098-261X 
035 |a 4034 
040 |a BUS  |d vLex 
090 |c 1797  |d 1797 
245 0 0 |a Justice System Journal  |h [Recurso electrn̤ico] 
256 |a Servicio en ln̕ea 
260 |a Denver, Colorado :  |b National Center for State Courts  
310 |a Cuatrimestral 
506 1 |a Contenido solo disponible en los productos indicados  |d vLex Global  |d vLex Global (Academic Edition, excluding Law Schools)  |d vLex Global (U.S. Academic Edition, excluding Law Schools) 
650 0 4 |a Justicia  |x Administracin̤  |x Publicaciones perid̤icas 
740 0 |a vLex Revista (Servicios en ln̕ea) 
843 |a Electrn̤ica. Abierta 
853 |8 1  |i (year)  |j (month)  |k (day) 
856 4 0 |u http://vlex.com/source/4034  |z Acceso restringido 
942 |c REV